Vegas Golden Knights Leaders - Statistics

General Stats
  • This quiz has been taken 55 times
    12 since last reset
  • The average score is 47 of 101
Answer Stats
Stat Number Answer % Correct
Most Games Played (Goalie) 139 Adin Hill
89%
Most Wins 77 Adin Hill
89%
Most Shutouts 7 Adin Hill
89%
Best Career Save Percentage .903 Adin Hill
89%
Best Career Goals Against Average 2.63 Adin Hill
89%
Most Games Played (Goalie) 192 Marc-André Fleury
89%
Most Wins 117 Marc-André Fleury
89%
Most Shutouts 23 Marc-André Fleury
89%
Best Career Save Percentage .917 Marc-André Fleury
89%
Best Career Goals Against Average 2.41 Marc-André Fleury
89%
Most Goals 127 Jack Eichel
78%
Most Assists 214 Jack Eichel
78%
Most Points 341 Jack Eichel
78%
Most Game Winning Goals 20 Jack Eichel
78%
Most Goals 136 Mark Stone
78%
Most Assists 260 Mark Stone
78%
Most Points 396 Mark Stone
78%
Most Games Played 399 Mark Stone
78%
Most Game Winning Goals 27 Mark Stone
78%
Most Goals 165 William Karlsson
78%
Most Assists 238 William Karlsson
78%
Most Points 403 William Karlsson
78%
Most Games Played 569 William Karlsson
78%
Most Game Winning Goals 25 William Karlsson
78%
Most Goals 192 Jonathan Marchessault
67%
Most Assists 225 Jonathan Marchessault
67%
Most Points 417 Jonathan Marchessault
67%
Most Games Played 514 Jonathan Marchessault
67%
Most Game Winning Goals 32 Jonathan Marchessault
67%
Most Games Played (Goalie) 103 Logan Thompson
67%
Most Wins 56 Logan Thompson
67%
Most Shutouts 4 Logan Thompson
67%
Best Career Save Percentage .912 Logan Thompson
67%
Best Career Goals Against Average 2.67 Logan Thompson
67%
Most Games Played (Goalie) 17 Carter Hart
56%
Most Wins 10 Carter Hart
56%
Best Career Goals Against Average 2.81 Carter Hart
56%
Most Goals 141 Reilly Smith
56%
Most Assists 179 Reilly Smith
56%
Most Points 320 Reilly Smith
56%
Most Games Played 488 Reilly Smith
56%
Most Game Winning Goals 24 Reilly Smith
56%
Most Games Played (Goalie) 66 Robin Lehner
56%
Most Wins 39 Robin Lehner
56%
Most Shutouts 3 Robin Lehner
56%
Best Career Save Percentage .920 Robin Lehner
56%
Best Career Goals Against Average 2.26 Robin Lehner
56%
Most Goals 82 Shea Theodore
56%
Most Assists 302 Shea Theodore
56%
Most Points 384 Shea Theodore
56%
Most Games Played 580 Shea Theodore
56%
Most Game Winning Goals 19 Shea Theodore
56%
Most Games Played (Goalie) 39 Akira Schmid
44%
Most Wins 18 Akira Schmid
44%
Most Shutouts 2 Akira Schmid
44%
Best Career Save Percentage .898 Akira Schmid
44%
Best Career Goals Against Average 1.93 Akira Schmid
44%
Most Assists 148 Alex Pietrangelo
33%
Most Points 187 Alex Pietrangelo
33%
Most Assists 109 Brayden McNabb
33%
Most Games Played 646 Brayden McNabb
33%
Most Games Played (Goalie) 63 Malcolm Subban
33%
Most Wins 30 Malcolm Subban
33%
Most Shutouts 1 Malcolm Subban
33%
Best Career Save Percentage .901 Malcolm Subban
33%
Best Career Goals Against Average 2.93 Malcolm Subban
33%
Most Goals 97 Max Pacioretty
33%
Most Points 194 Max Pacioretty
33%
Most Game Winning Goals 20 Max Pacioretty
33%
Most Goals 92 Pavel Dorofeyev
33%
Most Game Winning Goals 15 Pavel Dorofeyev
33%
Most Game Winning Goals 15 Alex Tuch
22%
Most Games Played (Goalie) 29 Ilya Samsonov
22%
Most Wins 16 Ilya Samsonov
22%
Most Shutouts 2 Ilya Samsonov
22%
Best Career Goals Against Average 2.80 Ilya Samsonov
22%
Most Games Played 438 Keegan Kolesar
22%
Most Games Played 364 Nicolas Hague
22%
Most Games Played 372 William Carrier
22%
Most Games Played 368 Zach Whitecloud
22%
Most Goals 75 Chandler Stephenson
11%
Most Assists 162 Chandler Stephenson
11%
Most Points 237 Chandler Stephenson
11%
Most Game Winning Goals 20 Chandler Stephenson
11%
Most Goals 71 Ivan Barbashev
11%
Most Assists 102 Ivan Barbashev
11%
Most Points 173 Ivan Barbashev
11%
Best Career Save Percentage .911 Jiří Patera
11%
Most Game Winning Goals 15 Nicolas Roy
11%
Most Shutouts 1 Oscar Dansk
11%
Best Career Save Percentage .906 Oscar Dansk
11%
Most Shutouts 1 Jonathan Quick
0%
Best Career Save Percentage .901 Jonathan Quick
0%
Best Career Goals Against Average 3.13 Jonathan Quick
0%
Most Games Played (Goalie) 35 Laurent Brossoit
0%
Most Wins 17 Laurent Brossoit
0%
Most Shutouts 1 Laurent Brossoit
0%
Best Career Save Percentage .911 Laurent Brossoit
0%
Best Career Goals Against Average 2.54 Laurent Brossoit
0%
Most Games Played (Goalie) 17 Maxime Lagace
0%
Most Wins 6 Maxime Lagace
0%
No matching quizzes found
Score Distribution
Percent of People with Each Score
Percentile by Number Answered
Your Score History
You have not taken this quiz since the last reset